[Event "Titled Tuesday intern op 24th Sep Late"]
[Site "Chess.com INT"]
[Date "2024.09.24"]
[Round "4"]
[White "Metin, Enis"]
[Black "Safarov, Deniel"]
[Result "0-1"]
[WhiteElo "2030"]
[BlackElo "2346"]
[PlyCount "88"]
[EventDate "2024.09.24"]
[EventType "swiss (blitz)"]
[EventRounds "11"]
[EventCountry "USA"]
[SourceTitle "EXT 2025"]
[Source "ChessBase"]
[SourceDate "2024.10.14"]
[SourceVersion "1"]
[SourceVersionDate "2024.10.14"]
[SourceQuality "1"]

1. e4 c6 2. d3 d5 3. Nd2 e5 4. Ngf3 Bd6 5. d4 exd4 6. Bd3 Ne7 7. 0-0 0-0 8. exd5 Nxd5 9. Nxd4 Bxh2+ 10. Kxh2 Qh4+ 11. Kg1 Qxd4 12. Ne4 Bf5 13. Qf3 Bg6 14. c3 Qe5 15. Bd2 Nd7 16. Rae1 Qc7 17. c4 N5f6 18. Bc3 Nxe4 19. Bxe4 Rae8 20. Bxg6 hxg6 21. g3 Nc5 22. Kg2 Ne6 23. Rh1 c5 24. Qd5 Rd8 25. Qe4 Qc6 26. Qxc6 bxc6 27. Re5 g5 28. Rhe1 Rd3 29. R1e4 Rd7 30. Re2 Rfd8 31. Re1 Rd3 32. R1e2 Rd1 33. R2e3 R1d7 34. R3e4 Rd6 35. Re1 R8d7 36. Ba5 Rd4 37. b3 Rd3 38. R1e4 R3d6 39. Re2 Rd4 40. Bc3 R4d6 41. Rf5 Nd4 42. Re8+ Kh7 43. Rxg5 Ne6 44. Rxc5 Nxc5 0-1

[Event "Titled Tuesday intern op 24th Sep Late"]
[Site "Chess.com INT"]
[Date "2024.09.24"]
[Round "6"]
[White "Muradli, Mahammad"]
[Black "Safarov, Deniel"]
[Result "0-1"]
[WhiteElo "2576"]
[BlackElo "2346"]
[PlyCount "114"]
[EventDate "2024.09.24"]
[EventType "swiss (blitz)"]
[EventRounds "11"]
[EventCountry "USA"]
[SourceTitle "EXT 2025"]
[Source "ChessBase"]
[SourceDate "2024.10.14"]
[SourceVersion "1"]
[SourceVersionDate "2024.10.14"]
[SourceQuality "1"]

1. Nf3 Nf6 2. c4 e6 3. g3 d5 4. Bg2 d4 5. 0-0 c5 6. e3 Nc6 7. exd4 cxd4 8. d3 h6 9. Bf4 Bd6 10. Bxd6 Qxd6 11. Nbd2 0-0 12. a3 a5 13. Rc1 e5 14. c5 Qc7 15. Nc4 Bf5 16. Re1 Nd7 17. Nd6 Bg6 18. Nb5 Qb8 19. Qe2 Re8 20. Nd2 Nf6 21. Nd6 Re7 22. N2c4 Nd7 23. Ne4 Bxe4 24. dxe4 Nxc5 25. Nb6 Nb3 26. Rcd1 Ra6 27. Qb5 a4 28. Nxa4 Nba5 29. Nc5 Ra8 30. b4 Qc8 31. Rc1 b6 32. Nd3 Nb3 33. Rxc6 Qg4 34. Qc4 Nd2 35. Qc2 Nf3+ 36. Bxf3 Qxf3 37. Rc8+ Re8 38. Rxe8+ Rxe8 39. Qe2 Qf6 40. a4 Ra8 41. Ra1 Qc6 42. Nxe5 Qc3 43. Qa2 Ra7 44. b5 d3 45. Nc6 Rd7 46. Rd1 d2 47. Kg2 Qd3 48. Qb1 Qe2 49. Kg1 Rd3 50. e5 Rf3 51. Rf1 Rxf2 52. Rxf2 d1Q+ 53. Qxd1 Qxd1+ 54. Kg2 Qxa4 55. e6 Qe4+ 56. Kg1 Qxe6 57. Rd2 Qe1+ 0-1

[Event "Titled Tuesday intern op 24th Sep Early"]
[Site "Chess.com INT"]
[Date "2024.09.24"]
[Round "8"]
[White "Safarov, Deniel"]
[Black "Murzin, Volodar"]
[Result "0-1"]
[WhiteElo "2346"]
[BlackElo "2648"]
[PlyCount "56"]
[EventDate "2024.09.24"]
[EventType "swiss (blitz)"]
[EventRounds "11"]
[EventCountry "USA"]
[SourceTitle "EXT 2025"]
[Source "ChessBase"]
[SourceDate "2024.10.14"]
[SourceVersion "1"]
[SourceVersionDate "2024.10.14"]
[SourceQuality "1"]

1. e4 c6 2. d4 d5 3. Nd2 g6 4. Ngf3 Bg7 5. c3 Bg4 6. h3 Bxf3 7. Qxf3 e6 8. Bd3 Ne7 9. 0-0 0-0 10. b3 c5 11. Bb2 cxd4 12. cxd4 Nbc6 13. e5 Bh6 14. Rfd1 Qa5 15. Nf1 Rfc8 16. a3 Qb6 17. Bb1 Na5 18. Rd3 Bc1 19. Qe2 Nxb3 20. Ra2 Nf5 21. g4 Nbxd4 22. Qd1 Bxb2 23. gxf5 Rc1 24. Qd2 Rxb1 25. f6 Nf5 26. Rf3 Bxe5 27. Qc2 Bxf6 28. a4 Nd4 0-1

[Event "Titled Tuesday intern op 24th Sep Late"]
[Site "Chess.com INT"]
[Date "2024.09.24"]
[Round "8"]
[White "Tang, Andrew"]
[Black "Safarov, Deniel"]
[Result "1-0"]
[WhiteElo "2524"]
[BlackElo "2346"]
[PlyCount "175"]
[EventDate "2024.09.24"]
[EventType "swiss (blitz)"]
[EventRounds "11"]
[EventCountry "USA"]
[SourceTitle "EXT 2025"]
[Source "ChessBase"]
[SourceDate "2024.10.14"]
[SourceVersion "1"]
[SourceVersionDate "2024.10.14"]
[SourceQuality "1"]

1. d4 Nf6 2. c4 e6 3. Nc3 Bb4 4. Qc2 0-0 5. Nf3 b6 6. e4 d5 7. cxd5 exd5 8. e5 Ne4 9. Bd3 Bb7 10. 0-0 Bxc3 11. bxc3 Ba6 12. Bxe4 dxe4 13. Qxe4 Bxf1 14. Ng5 g6 15. Qxa8 Bc4 16. Ne4 Kh8 17. Bg5 Qd7 18. Nf6 Qf5 19. Bh6 Rc8 20. Qxa7 Nc6 21. Qa3 Qe6 22. Qb2 Ra8 23. a3 Ne7 24. h3 Nf5 25. Bg5 h6 26. Bf4 g5 27. Be3 Ne7 28. Qd2 Qf5 29. f4 gxf4 30. Bxf4 Nd5 31. Nxd5 Bxd5 32. Rf1 Rg8 33. Rf2 Qb1+ 34. Kh2 h5 35. Qe3 Qg6 36. Qg3 Qe4 37. Bg5 Kh7 38. h4 Rg6 39. Rf4 Qe2 40. Qf2 Qc4 41. Qd2 Be6 42. Qd1 Qd5 43. Qxh5+ Kg8 44. Qf3 Qd7 45. Rf6 Bd5 46. Qh5 Be4 47. Rxg6+ Bxg6 48. Qf3 Qe6 49. h5 Bf5 50. Bf6 Bg4 51. Qf4 Qf5 52. Qxf5 Bxf5 53. Kg3 Be4 54. Kf2 b5 55. g4 Bd5 56. Ke3 c6 57. Kf4 Kh7 58. Be7 Kg8 59. g5 Be6 60. g6 fxg6 61. hxg6 Kg7 62. Kg5 Bc4 63. Bf6+ Kg8 64. g7 Kf7 65. Kf4 Be6 66. Ke3 Bc4 67. Ke4 Bd5+ 68. Kf5 Be6+ 69. Kg5 Bd5 70. Kh6 Kg8 71. Be7 Bc4 72. Kg6 Bd5 73. Kf6 Bc4 74. Bf8 Bd5 75. e6 Bc4 76. e7 Bf7 77. Ke5 Be8 78. d5 cxd5 79. Kxd5 Kf7 80. c4 Kg8 81. c5 Bf7+ 82. Kd6 Bg6 83. c6 Kf7 84. e8Q+ Kxe8 85. g8Q Bf7 86. Qh8 b4 87. Bg7+ Bg8 88. Qxg8# 1-0

[Event "Titled Tuesday intern op 24th Sep Early"]
[Site "Chess.com INT"]
[Date "2024.09.24"]
[Round "6"]
[White "Ugorek, Kacper"]
[Black "Safarov, Deniel"]
[Result "0-1"]
[WhiteElo "2208"]
[BlackElo "2346"]
[PlyCount "82"]
[EventDate "2024.09.24"]
[EventType "swiss (blitz)"]
[EventRounds "11"]
[EventCountry "USA"]
[SourceTitle "EXT 2025"]
[Source "ChessBase"]
[SourceDate "2024.10.14"]
[SourceVersion "1"]
[SourceVersionDate "2024.10.14"]
[SourceQuality "1"]

1. f4 d5 2. Nf3 g6 3. e3 Bg7 4. d4 Nh6 5. c3 b6 6. Bd3 Bf5 7. Be2 c5 8. 0-0 0-0 9. Ne5 f6 10. Nf3 Nf7 11. Nbd2 Nc6 12. b3 Re8 13. Bb2 e5 14. Re1 exf4 15. exf4 Qc7 16. g3 Nh6 17. Nh4 Bh3 18. Bf3 Qd7 19. Ng2 cxd4 20. cxd4 Bg4 21. Rxe8+ Rxe8 22. Rc1 Bxf3 23. Nxf3 Nf5 24. Qc2 Re6 25. Re1 Bf8 26. Rxe6 Qxe6 27. a3 b5 28. b4 a5 29. bxa5 Nxa5 30. a4 b4 31. Nd2 Nc4 32. Nxc4 dxc4 33. Kf2 c3 34. Bxc3 bxc3 35. Qxc3 Qe4 36. Ne3 Nxd4 37. Qc4+ Kh8 38. a5 Qf3+ 39. Kg1 Qxe3+ 40. Kg2 Qe4+ 41. Kh3 Qe6+ 0-1

[Event "Titled Tuesday intern op 17th Sep Early"]
[Site "Chess,com INT"]
[Date "2024.09.17"]
[Round "6"]
[White "Safarov, Deniel"]
[Black "Toncheva, Nadya"]
[Result "1-0"]
[WhiteElo "2346"]
[BlackElo "2301"]
[PlyCount "61"]
[EventDate "2024.09.17"]
[EventType "swiss (blitz)"]
[EventRounds "11"]
[EventCountry "USA"]
[SourceTitle "EXT 2025"]
[Source "ChessBase"]
[SourceDate "2024.10.14"]
[SourceVersion "1"]
[SourceVersionDate "2024.10.14"]
[SourceQuality "1"]

1. e4 c5 2. Nf3 Nc6 3. d4 cxd4 4. Nxd4 g6 5. c4 Bg7 6. Be3 Nf6 7. Nc3 d6 8. Be2 0-0 9. 0-0 Bd7 10. h3 a5 11. Rc1 Nxd4 12. Bxd4 Bc6 13. Qd3 Nd7 14. Rfd1 Nc5 15. Qe3 Bxd4 16. Qxd4 Qb6 17. Nd5 Bxd5 18. exd5 Rfe8 19. Bf3 a4 20. h4 h5 21. Re1 Nd7 22. Qxb6 Nxb6 23. c5 Nd7 24. c6 Nc5 25. Re3 bxc6 26. dxc6 Rab8 27. c7 Rb6 28. Rxe7 Rc8 29. Bd5 Ne6 30. Bxe6 fxe6 31. Rd7 1-0

[Event "Titled Tuesday intern op 17th Sep Early"]
[Site "Chess,com INT"]
[Date "2024.09.17"]
[Round "9"]
[White "Zhigalko, Sergei"]
[Black "Safarov, Deniel"]
[Result "1-0"]
[WhiteElo "2572"]
[BlackElo "2346"]
[PlyCount "55"]
[EventDate "2024.09.17"]
[EventType "swiss (blitz)"]
[EventRounds "11"]
[EventCountry "USA"]
[SourceTitle "EXT 2025"]
[Source "ChessBase"]
[SourceDate "2024.10.14"]
[SourceVersion "1"]
[SourceVersionDate "2024.10.14"]
[SourceQuality "1"]

1. e4 c5 2. Nf3 d6 3. d4 cxd4 4. Qxd4 Nc6 5. Bb5 Bd7 6. Bxc6 Bxc6 7. Nc3 h6 8. Qd3 e5 9. Nd2 Nf6 10. Nc4 Be7 11. Ne3 0-0 12. Nf5 Kh7 13. 0-0 Re8 14. Rd1 Bf8 15. f3 g6 16. Nxd6 Bxd6 17. Qxd6 Qb6+ 18. Kh1 Nh5 19. Nd5 Qa6 20. Nc7 Qe2 21. Qd2 Qc4 22. Qxh6+ Kg8 23. Nxa8 Qxc2 24. Qd2 Qxd2 25. Bxd2 Rxa8 26. Be3 Ng7 27. Bg5 Ne6 28. Bf6 1-0

[Event "Titled Tuesday intern op 10th Sep Late"]
[Site "Chess,com INT"]
[Date "2024.09.10"]
[Round "4"]
[White "Gyenes, Mate"]
[Black "Safarov, Deniel"]
[Result "0-1"]
[WhiteElo "2205"]
[BlackElo "2346"]
[PlyCount "62"]
[EventDate "2024.09.10"]
[EventType "swiss (blitz)"]
[EventRounds "11"]
[EventCountry "USA"]
[SourceTitle "EXT 2025"]
[Source "ChessBase"]
[SourceDate "2024.10.14"]
[SourceVersion "1"]
[SourceVersionDate "2024.10.14"]
[SourceQuality "1"]

1. e4 c5 2. g3 Nc6 3. Bg2 g6 4. Ne2 Bg7 5. 0-0 e6 6. c3 Nge7 7. d4 cxd4 8. cxd4 d5 9. e5 0-0 10. f4 b6 11. Be3 Ba6 12. Bf2 Nf5 13. Nbc3 Rc8 14. Rc1 Nb4 15. Qa4 Bxe2 16. Nxe2 Nd3 17. Rxc8 Qxc8 18. Nc3 Nxb2 19. Qa3 Nd3 20. g4 Nxf2 21. gxf5 Nd3 22. f6 Bh6 23. Ne2 Qc2 24. Nc1 Nxf4 25. Qg3 Qxc1 26. Rxc1 Ne2+ 27. Kf2 Nxg3 28. Rc7 Nf5 29. Rxa7 Be3+ 30. Ke2 Bxd4 31. Kd3 Bxe5 0-1

[Event "Titled Tuesday intern op 10th Sep Late"]
[Site "Chess,com INT"]
[Date "2024.09.10"]
[Round "2"]
[White "Safarov, Deniel"]
[Black "Kayser, Gustavo Warmling"]
[Result "1/2-1/2"]
[WhiteElo "2346"]
[BlackElo "1993"]
[PlyCount "85"]
[EventDate "2024.09.10"]
[EventType "swiss (blitz)"]
[EventRounds "11"]
[EventCountry "USA"]
[SourceTitle "EXT 2025"]
[Source "ChessBase"]
[SourceDate "2024.10.14"]
[SourceVersion "1"]
[SourceVersionDate "2024.10.14"]
[SourceQuality "1"]

1. e4 c5 2. Nf3 Nc6 3. d4 cxd4 4. Nxd4 Nf6 5. Nc3 e5 6. Ndb5 d6 7. Bg5 a6 8. Na3 b5 9. Nd5 Be7 10. Bxf6 Bxf6 11. c3 0-0 12. Nc2 Bg5 13. Be2 Rb8 14. 0-0 Kh8 15. Qd3 f5 16. f3 Be6 17. b4 Ne7 18. Nxe7 Qxe7 19. a4 Rfc8 20. axb5 axb5 21. Na3 fxe4 22. fxe4 h6 23. Nxb5 Bc4 24. Qxc4 Rxc4 25. Bxc4 Bf4 26. g3 Be3+ 27. Kg2 Rd8 28. Rf7 Qg5 29. Nc7 Bb6 30. Nd5 Qd2+ 31. Kh3 Be3 32. Raf1 Bg5 33. b5 Qc2 34. Nc7 Qxe4 35. Rf8+ Rxf8 36. Rxf8+ Kh7 37. Bg8+ Kg6 38. Bf7+ Kh7 39. b6 Qf5+ 40. Kg2 Qe4+ 41. Kh3 Qf5+ 42. Kg2 Qe4+ 43. Kh3 1/2-1/2

[Event "Sitges op 48th"]
[Site "Sitges"]
[Date "2024.07.29"]
[Round "8"]
[White "Adamovics, Aleksejs"]
[Black "Safarov, Deniel"]
[Result "0-1"]
[WhiteElo "2112"]
[BlackElo "2050"]
[PlyCount "76"]
[EventDate "2024.07.22"]
[EventType "swiss"]
[EventRounds "9"]
[EventCountry "ESP"]
[SourceTitle "CBM 221 Extra"]
[Source "ChessBase"]
[SourceDate "2024.09.30"]
[SourceVersion "1"]
[SourceVersionDate "2024.09.30"]
[SourceQuality "1"]

1. d4 Nf6 2. Bg5 e6 3. e4 h6 4. Bxf6 Qxf6 5. Nc3 d6 6. Qd2 a6 7. 0-0-0 g6 8. e5 Qe7 9. f4 d5 10. Nf3 h5 11. Bd3 Nd7 12. Ng5 Nb6 13. h4 Bd7 14. g4 hxg4 15. Qg2 0-0-0 16. Qxg4 Be8 17. Qe2 Kb8 18. Qd2 Rc8 19. Ne2 Na4 20. Kb1 c5 21. c3 Qc7 22. Ka1 Qb6 23. b3 cxd4 24. bxa4 dxc3 25. Qc2 Bxa4 26. Qb1 Qa5 27. Qc1 Bxd1 28. Qxd1 Rc7 29. Qb3 Ba3 30. Nd4 c2 31. Bxc2 Rc3 32. Qb1 Rhc8 33. Nb3 Qb4 34. Bd3 Rc2 35. Qe1 Bb2+ 36. Kb1 Bc3 37. Qd1 Rb2+ 38. Kc1 Qa3 0-1

[Event "Sitges op 48th"]
[Site "Sitges"]
[Date "2024.07.24"]
[Round "3"]
[White "Munoz Pantoja, Miguel Angel"]
[Black "Safarov, Deniel"]
[Result "1/2-1/2"]
[WhiteElo "2365"]
[BlackElo "2050"]
[PlyCount "28"]
[EventDate "2024.07.22"]
[EventType "swiss"]
[EventRounds "9"]
[EventCountry "ESP"]
[SourceTitle "CBM 221 Extra"]
[Source "ChessBase"]
[SourceDate "2024.09.30"]
[SourceVersion "1"]
[SourceVersionDate "2024.09.30"]
[SourceQuality "1"]

1. e4 c6 2. Nc3 d5 3. Nf3 dxe4 4. Nxe4 Nf6 5. Ng3 h5 6. Bc4 h4 7. Nf1 c5 8. d4 cxd4 9. Qxd4 Qxd4 10. Nxd4 h3 11. g3 a6 12. Ne3 e6 13. 0-0 Bd7 14. Be2 Nc6 1/2-1/2

[Event "Sitges op 48th"]
[Site "Sitges"]
[Date "2024.07.23"]
[Round "2"]
[White "Safarov, Deniel"]
[Black "Utsab, Chatterjee"]
[Result "1-0"]
[WhiteElo "2050"]
[BlackElo "2287"]
[PlyCount "69"]
[EventDate "2024.07.22"]
[EventType "swiss"]
[EventRounds "9"]
[EventCountry "ESP"]
[SourceTitle "CBM 221 Extra"]
[Source "ChessBase"]
[SourceDate "2024.09.30"]
[SourceVersion "1"]
[SourceVersionDate "2024.09.30"]
[SourceQuality "1"]

1. e4 c5 2. Nf3 d6 3. d4 cxd4 4. Nxd4 Nf6 5. Nc3 a6 6. Bd3 e5 7. Nde2 Be7 8. 0-0 0-0 9. Ng3 Be6 10. Nd5 Bxd5 11. exd5 Re8 12. f4 Nbd7 13. Kh1 b5 14. a4 b4 15. a5 Qc7 16. b3 Nc5 17. Bc4 Nfd7 18. Bb2 Bf8 19. Qf3 exf4 20. Qxf4 Ne5 21. Rae1 Nxc4 22. bxc4 Rxe1 23. Rxe1 Na4 24. Bxg7 Bxg7 25. Nf5 Qd8 26. Re7 Qf8 27. Qg5 Nb2 28. Nxd6 h6 29. Qh4 Rd8 30. c5 Nc4 31. Rxf7 Nxd6 32. Rxf8+ Rxf8 33. g3 Nf5 34. Qe4 Bd4 35. c6 1-0

[Event "Barcelona Sant Marti op-A 24th"]
[Site "Barcelona"]
[Date "2024.07.16"]
[Round "4"]
[White "Shamatava, Nikolozi"]
[Black "Safarov, Deniel"]
[Result "1/2-1/2"]
[WhiteElo "2127"]
[BlackElo "2050"]
[PlyCount "46"]
[EventDate "2024.07.13"]
[EventType "swiss"]
[EventRounds "9"]
[EventCountry "ESP"]
[SourceTitle "CBM 221 Extra"]
[Source "ChessBase"]
[SourceDate "2024.09.30"]
[SourceVersion "1"]
[SourceVersionDate "2024.09.30"]
[SourceQuality "1"]

1. Nf3 Nf6 2. g3 b5 3. Na3 a6 4. c4 e6 5. b3 b4 6. Nc2 Bb7 7. Bg2 c5 8. 0-0 Be7 9. Bb2 0-0 10. d4 cxd4 11. Ncxd4 Qb6 12. e3 Rd8 13. Qe2 d6 14. Rfd1 Nbd7 15. a4 Nc5 16. Nd2 Bxg2 17. Kxg2 Qb7+ 18. Qf3 Qxf3+ 19. Kxf3 Rac8 20. Ke2 Nfe4 21. Nxe4 Nxe4 22. Rab1 Bf6 23. f3 Nc5 1/2-1/2

[Event "Wch U20 61st"]
[Site "Gandhinagar"]
[Date "2024.06.12"]
[Round "10"]
[White "Vengatesh Krishnan, C."]
[Black "Safarov, Deniel"]
[Result "1/2-1/2"]
[WhiteElo "1790"]
[BlackElo "2059"]
[PlyCount "64"]
[EventDate "2024.06.02"]
[EventType "swiss"]
[EventRounds "11"]
[EventCountry "IND"]
[SourceTitle "CBM 220 Extra"]
[Source "ChessBase"]
[SourceDate "2024.07.31"]
[SourceVersion "1"]
[SourceVersionDate "2024.07.31"]
[SourceQuality "1"]

1. e4 c5 2. Nc3 Nc6 3. f4 e6 4. Nf3 d5 5. Bb5 dxe4 6. Ne5 Bd7 7. Bxc6 Bxc6 8. Nxc6 bxc6 9. Nxe4 Qd5 10. Qe2 c4 11. Nc3 Qd4 12. Qe4 Qc5 13. b4 cxb3 14. axb3 Nf6 15. Qe2 Bd6 16. Ra4 Qf5 17. Ne4 Be7 18. 0-0 0-0 19. Bb2 Rfd8 20. d3 Nxe4 21. Qxe4 Bc5+ 22. Kh1 Bb6 23. Qf3 Re8 24. Rc4 c5 25. Re4 f6 26. Rfe1 Rad8 27. Bc3 h5 28. h3 Kf7 29. R4e2 Qd5 30. Re4 Qf5 31. R4e2 Qd5 32. Re4 Qf5 1/2-1/2

[Event "Wch U20 61st"]
[Site "Gandhinagar"]
[Date "2024.06.07"]
[Round "6"]
[White "Arul, Prakash N"]
[Black "Safarov, Deniel"]
[Result "1-0"]
[WhiteElo "1907"]
[BlackElo "2059"]
[PlyCount "50"]
[EventDate "2024.06.02"]
[EventType "swiss"]
[EventRounds "11"]
[EventCountry "IND"]
[SourceTitle "CBM 220 Extra"]
[Source "ChessBase"]
[SourceDate "2024.07.31"]
[SourceVersion "1"]
[SourceVersionDate "2024.07.31"]
[SourceQuality "1"]

1. d4 Nf6 2. c4 e6 3. Nc3 Bb4 4. e3 0-0 5. Bd3 c5 6. Nge2 cxd4 7. exd4 d5 8. c5 b6 9. a3 Bxc3+ 10. Nxc3 bxc5 11. dxc5 h6 12. b4 e5 13. 0-0 e4 14. Bc2 Bg4 15. Qd2 Nc6 16. Bb2 Qd7 17. Nb5 Ne8 18. f3 exf3 19. Qd3 f5 20. gxf3 Bh3 21. Rf2 Rd8 22. f4 Bg4 23. Rg2 d4 24. Rxg4 fxg4 25. Qh7+ Kf7 1-0

[Event "Wch U20 61st"]
[Site "Gandhinagar"]
[Date "2024.06.03"]
[Round "2"]
[White "Ohanyan, Emin"]
[Black "Safarov, Deniel"]
[Result "1-0"]
[WhiteElo "2501"]
[BlackElo "2059"]
[PlyCount "63"]
[EventDate "2024.06.02"]
[EventType "swiss"]
[EventRounds "11"]
[EventCountry "IND"]
[SourceTitle "CBM 220 Extra"]
[Source "ChessBase"]
[SourceDate "2024.07.31"]
[SourceVersion "1"]
[SourceVersionDate "2024.07.31"]
[SourceQuality "1"]

1. d4 Nf6 2. Nf3 d5 3. c4 e6 4. Nc3 a6 5. c5 b6 6. cxb6 c5 7. Bf4 Bd6 8. Bxd6 Qxd6 9. dxc5 Qxc5 10. Qd4 Qd6 11. e4 Nc6 12. Qe3 d4 13. e5 Qb4 14. Nxd4 Nxd4 15. 0-0-0 Nf5 16. Qf3 Rb8 17. exf6 Rxb6 18. Rd2 gxf6 19. a3 Qc5 20. Kb1 Bb7 21. Qd1 Rd6 22. Bd3 0-0 23. Qh5 Rfd8 24. Bxf5 exf5 25. Rxd6 Rxd6 26. Qe2 Qe5 27. f3 Qf4 28. Kc2 a5 29. Qe1 Kh8 30. Qe7 Qd2+ 31. Kb1 Kg7 32. Rd1 1-0

[Event "Tbilisi Champions Cup"]
[Site "Tbilisi"]
[Date "2023.10.14"]
[Round "2"]
[White "Kiladze, Luka"]
[Black "Safarov, Deniel"]
[Result "1-0"]
[WhiteElo "2163"]
[BlackElo "1981"]
[PlyCount "81"]
[EventDate "2023.10.13"]
[EventType "swiss"]
[EventRounds "9"]
[EventCountry "GEO"]
[SourceTitle "CBM 216 Extra"]
[Source "ChessBase"]
[SourceDate "2023.11.30"]
[SourceVersion "1"]
[SourceVersionDate "2023.11.30"]
[SourceQuality "1"]

1. d4 Nf6 2. Bf4 d6 3. Nc3 Nbd7 4. Nf3 c5 5. d5 g6 6. e4 Bg7 7. Be2 0-0 8. 0-0 a6 9. a4 Rb8 10. Nd2 Ne8 11. Nc4 Nb6 12. Nd2 Nc7 13. a5 Nd7 14. Nc4 b5 15. axb6 Nxb6 16. Na5 Bd7 17. Qd2 Nb5 18. Nd1 Qc7 19. c3 Rfd8 20. Ne3 e5 21. dxe6 Bxe6 22. Rfd1 Be5 23. Nd5 Bxd5 24. exd5 Bxf4 25. Qxf4 Re8 26. Bf3 Na7 27. h4 Re5 28. c4 Rbe8 29. b3 Rf5 30. Qd2 Nd7 31. Nc6 Nxc6 32. dxc6 Ne5 33. Qxd6 Nxf3+ 34. gxf3 Rc8 35. Rxa6 Qxd6 36. Rxd6 Rxf3 37. Ra7 Kf8 38. Rad7 Kg7 39. c7 Rf6 40. Rxf6 Kxf6 41. Rd6+ 1-0